| 000 | 00595nam a2200229Ia 4500 | ||
|---|---|---|---|
| 003 | OSt | ||
| 005 | 20221006165341.0 | ||
| 006 | a|||||r|||| 00| 0 | ||
| 007 | ta | ||
| 008 | 221006b |||||||| |||| 00| 0 hin d | ||
| 024 | _a3,625 | ||
| 037 | _cTextual | ||
| 040 |
_aFML _cFML _bhin |
||
| 041 |
_2hin _ahin |
||
| 082 | _aNR44xK12,1, 152J6- ;1 | ||
| 100 |
_aAhobal _9679665 |
||
| 245 | 0 | _aSangeet Parijat | |
| 260 |
_aHathras _bSangeet Karyalaya _c1956 |
||
| 300 |
_a195 _ccm. |
||
| 942 |
_hNR44xK12,1, 152J6- ;1 _cTEXL _2CC |
||
| 999 |
_c1120520 _d1120520 |
||